| 000 | 00821cam a2200265 4500 | ||
|---|---|---|---|
| 008 | 090401t1989 xxu||||| |||| 00| 0 eng d | ||
| 020 | _a0420480706 | ||
| 035 | _a(Sirsi) u31317 | ||
| 041 | _aeng | ||
| 050 | _a346.410438 | ||
| 100 | _aRuoff, Theodore | ||
| 245 | _aRuoff & Roper on the law and practice of registered conveyancing . Second supplement to the appendices to the fifth edition up-to-date to December 1, 1988 | ||
| 260 |
_aLondon _bStevens and Sons _c1989 |
||
| 300 | _a70p. ; 25cm. | ||
| 350 | _a10 | ||
| 490 | _aSweet and Maxwell Property and Conveyancing Library | ||
| 650 | _aCONVEYANCING | ||
| 650 | _aLAND REGISTRATION | ||
| 650 | _aREGISTRATION OF TITLE | ||
| 700 | _aRoper, Robert B | ||
| 700 | _aPryer, E.John | ||
| 700 | _aWest, Christopher | ||
| 942 | _n0 | ||
| 948 | _c04/03/1997 | ||
| 999 |
_c89579 _d89579 |
||